Jetpunk Users by Clue - Statistics

General Stats
  • This quiz has been taken 111 times
  • The average score is 4 of 10
Answer Stats
Hint Answer % Correct
The god of Jetpunk. He now also has a blog. Quizmaster
86%
The other god of Jetpunk. Has over 3 million takes on his quizzes. relessness
68%
Travelling American who makes controversial comments. Was recently homeless in Estonia or something. kalbahamut
61%
A Kiwi with no rage; likes making sprints Jerry928
36%
Masters of the "five ___ by ___" quiz style Quizzer6794
34%
European wizard who always argues with ^ dunkinggandalf
18%
Persistent fungus mushroomsteve
18%
This guy makes VERY controversial comments. The kind that get removed for extremism. Ozchris
14%
User with a very high level. Like longitude, but different. plattitude
13%
Translates quizzes for the people of Guadeloupe to enjoy punkfrancais
8%
No matching quizzes found
Score Distribution
Percent of People with Each Score
Percentile by Number Answered
Your Score History
You have not taken this quiz